Länder, die Palästina nicht anerkennen - Statistiken

Allgemein
  • Dieses Quiz wurde 79 mal gespielt
    8 seit der letzten Aktualisierung
  • Das Durchschnittsergebnis liegt bei 21 aus 41
Antwortstatistiken
Kontinent Land % Korrekt
Europa Deutschland
100%
Nordamerika Vereinigte Staaten
86%
Europa Finnland
71%
Ozeanien Föderierte Staaten von Mikronesien
71%
Europa Griechenland
71%
Asien Japan
71%
Ozeanien Marshallinseln
71%
Ozeanien Nauru
71%
Ozeanien Neuseeland
71%
Europa Österreich
71%
Ozeanien Palau
71%
Ozeanien Salomonen
71%
Ozeanien Samoa
71%
Ozeanien Tonga
71%
Ozeanien Tuvalu
71%
Europa Dänemark
57%
Ozeanien Fidschi
57%
Europa Italien
57%
Europa Schweiz
57%
Asien Taiwan
57%
Europa Belgien
43%
Afrika Eritrea
43%
Europa Estland
43%
Asien Israel
43%
Ozeanien Kiribati
43%
Europa Kroatien
43%
Europa Lettland
43%
Europa Litauen
43%
Europa Niederlande
43%
Europa Nordmazedonien
43%
Nordamerika Panama
43%
Europa San Marino
43%
Asien Südkorea
43%
Europa Andorra
29%
Afrika Kamerun
29%
Europa Liechtenstein
29%
Europa Moldau
29%
Europa Monaco
29%
Europa Kosovo
14%
Asien Myanmar
14%
Asien Singapur
14%
Keine übereinstimmenden Quizze gefunden
Verteilung der Resultate
Anzahl Personen mit jedem Resultat
Perzentil nach korrekt beantworteten Fragen
Ihre Resultats-Entwicklung
Sie haben dieses Quiz seit der letzten Aktualisierung nicht gespielt